| 000 | 00786nam a2200205 a 4500 | ||
|---|---|---|---|
| 005 | 20210219160202.0 | ||
| 008 | 080923s1988 mx r 000 0 spa d | ||
| 035 | _aUPN01000160386 | ||
| 049 | _aUNE | ||
| 080 | _a37.014. 542 (7/8) "1987" FOR | ||
| 111 | 2 |
_aReunión Técnica de la REd REPLAD _d(1987 : _cCampinas, Sao Paulo, Brasil) |
|
| 245 | 1 | 0 | _aFormación de formadores en planeamiento y administración de la educación: Información |
| 260 |
_aSantiago de Chile : _bOREALC, _c1988. |
||
| 300 | _a91 p. | ||
| 690 | _aCapacitacion del personal de educacion | ||
| 690 | _aAdministradores de la enseñanza | ||
| 690 | _aAmerica Latina- Administradores de la enseñanza | ||
| 710 | 2 | _aOREALC. Oficina Regional de Educación de la UNESCO para América Latina | |
| 905 | _aUNESCO | ||
| 999 |
_c132500 _d132500 |
||